<?xml version="1.0" encoding="UTF-8"?><?xml-stylesheet type="text/xsl" href="static/style.xsl"?><OAI-PMH xmlns="http://www.openarchives.org/OAI/2.0/" xmlns:xsi="http://www.w3.org/2001/XMLSchema-instance" xsi:schemaLocation="http://www.openarchives.org/OAI/2.0/ http://www.openarchives.org/OAI/2.0/OAI-PMH.xsd"><responseDate>2026-04-17T05:50:05Z</responseDate><request verb="GetRecord" identifier="oai:www.recercat.cat:2445/61131" metadataPrefix="marc">https://recercat.cat/oai/request</request><GetRecord><record><header><identifier>oai:recercat.cat:2445/61131</identifier><datestamp>2025-12-05T09:25:04Z</datestamp><setSpec>com_2072_1057</setSpec><setSpec>col_2072_478799</setSpec><setSpec>col_2072_478917</setSpec></header><metadata><record xmlns="http://www.loc.gov/MARC21/slim" xmlns:dcterms="http://purl.org/dc/terms/" xmlns:xsi="http://www.w3.org/2001/XMLSchema-instance" xmlns:doc="http://www.lyncode.com/xoai" xsi:schemaLocation="http://www.loc.gov/MARC21/slim http://www.loc.gov/standards/marcxml/schema/MARC21slim.xsd">
   <leader>00925njm 22002777a 4500</leader>
   <datafield ind2=" " ind1=" " tag="042">
      <subfield code="a">dc</subfield>
   </datafield>
   <datafield ind2=" " ind1=" " tag="720">
      <subfield code="a">Izquierdo Reyes, Laura</subfield>
      <subfield code="e">author</subfield>
   </datafield>
   <datafield ind2=" " ind1=" " tag="720">
      <subfield code="a">Ingelmo-Torres, Mercedes</subfield>
      <subfield code="e">author</subfield>
   </datafield>
   <datafield ind2=" " ind1=" " tag="720">
      <subfield code="a">Mallofré i Gómez, Carme</subfield>
      <subfield code="e">author</subfield>
   </datafield>
   <datafield ind2=" " ind1=" " tag="720">
      <subfield code="a">Lozano Salvatella, Juan José</subfield>
      <subfield code="e">author</subfield>
   </datafield>
   <datafield ind2=" " ind1=" " tag="720">
      <subfield code="a">Verhasselt-Crinquette, Marie</subfield>
      <subfield code="e">author</subfield>
   </datafield>
   <datafield ind2=" " ind1=" " tag="720">
      <subfield code="a">LeRoy, Xavier</subfield>
      <subfield code="e">author</subfield>
   </datafield>
   <datafield ind2=" " ind1=" " tag="720">
      <subfield code="a">Colin, Pierre</subfield>
      <subfield code="e">author</subfield>
   </datafield>
   <datafield ind2=" " ind1=" " tag="720">
      <subfield code="a">Comperat, Eva</subfield>
      <subfield code="e">author</subfield>
   </datafield>
   <datafield ind2=" " ind1=" " tag="720">
      <subfield code="a">Roupret, Morgan</subfield>
      <subfield code="e">author</subfield>
   </datafield>
   <datafield ind2=" " ind1=" " tag="720">
      <subfield code="a">Alcaraz Asensio, Antonio</subfield>
      <subfield code="e">author</subfield>
   </datafield>
   <datafield ind2=" " ind1=" " tag="720">
      <subfield code="a">Mengual Brichs, Lourdes</subfield>
      <subfield code="e">author</subfield>
   </datafield>
   <datafield ind2=" " ind1=" " tag="260">
      <subfield code="c">2015-01-09T13:40:19Z</subfield>
   </datafield>
   <datafield ind2=" " ind1=" " tag="260">
      <subfield code="c">2015-04-09T22:01:34Z</subfield>
   </datafield>
   <datafield ind2=" " ind1=" " tag="260">
      <subfield code="c">2014-04-09</subfield>
   </datafield>
   <datafield ind2=" " ind1=" " tag="260">
      <subfield code="c">2015-01-09T13:40:19Z</subfield>
   </datafield>
   <datafield ind2=" " ind1=" " tag="520">
      <subfield code="a">OBJECTIVE: To examine the microRNA (miRNA) expression pattern in tumour samples from patients with progressing and non-progressing upper tract urothelial carcinoma (UTUC) in order to identify putative miRNAs that may be used as prognostic markers. PATIENTS AND METHODS: We conducted a multicentre, retrospective study of formalin-fixed paraffin-embedded tissue samples from 150 patients with UTUC who had undergone radical nephroureterectomy. Global miRNA expression patterns were analysed in 18 selected samples from patients with UTUC using TaqMan arrays. The differential expression of five key miRNAs was validated by quantitative polymerase chain reaction in an independent cohort of 132 samples from patients with UTUC. Models to predict tumour progression and cancer-specific survival that included miRNA expression patterns were developed by Cox regression analysis. RESULTS: Twenty-six miRNAs were found to be aberrantly expressed between samples from patients with progressing and non-progressing UTUC and five of these were selected for subsequent studies. The regression analysis identified tumour stage and miR-31 and miR-149 expression as independently associated with tumour progression and tumour stage and miR-149 expression as independently associated with cancer-specific survival. The risk scores derived from these miRNA models were able to discriminate two groups with a highly significantly different probability of tumour progression (hazard ratio [HR] 4.78; P &lt; 0.001) and death (HR 276; P = 0.004). CONCLUSIONS: There is a differential miRNA expression pattern between patients with progressing and non-progressing UTUC. The identification of new miRNAs associated with a high probability of tumour recurrence and cancer-specific survival in patients with UTUC and their combination in a robust, easy-to-use and reliable algorithm may help tailor treatment and surveillance strategies in these patients.</subfield>
   </datafield>
   <datafield tag="653" ind2=" " ind1=" ">
      <subfield code="a">Malalties de l'aparell urinari</subfield>
   </datafield>
   <datafield tag="653" ind2=" " ind1=" ">
      <subfield code="a">Càncer</subfield>
   </datafield>
   <datafield tag="653" ind2=" " ind1=" ">
      <subfield code="a">Micro RNAs</subfield>
   </datafield>
   <datafield tag="653" ind2=" " ind1=" ">
      <subfield code="a">Reacció en cadena de la polimerasa</subfield>
   </datafield>
   <datafield tag="653" ind2=" " ind1=" ">
      <subfield code="a">Diseases of the urinary organs</subfield>
   </datafield>
   <datafield tag="653" ind2=" " ind1=" ">
      <subfield code="a">Cancer</subfield>
   </datafield>
   <datafield tag="653" ind2=" " ind1=" ">
      <subfield code="a">MicroRNAs</subfield>
   </datafield>
   <datafield tag="653" ind2=" " ind1=" ">
      <subfield code="a">Polymerase chain reaction</subfield>
   </datafield>
   <datafield ind2="0" ind1="0" tag="245">
      <subfield code="a">Prognostic value of microRNA expression pattern in upper tract urothelial carcinoma</subfield>
   </datafield>
</record></metadata></record></GetRecord></OAI-PMH>